00497nam a22001577a 450000500170000000800410001702000180005804100130007608200140008910000390010324500810014225000190022326000530024230000190029565000250031420231109054409.0231109b |||||||| |||| 00| 0 eng d a9780702133268 aEnglish  a346.2 SOU aVan der Merwe JG et al. lEnglish  aSouth African Corporate Business Administration / cJG Van der Merwe et al.  aFirst Edition  aCape Town : bJuta and Company (Pty) Ltd, c1995 bvii, c27 cm.  aLegal practice bLaw